000 00361pam a2200109a 44500
008 230405s1900 xxu||||| |||| 00| 0 eng d
041 _aMAR
100 _aमाध्यमिक आणि उच्च माध्यमिक मंडळ
245 _aइंग्रजी 11 वी
260 _a
_bएस बी चांदेकर
_c1900
906 _a6067
999 _c297410
_d297410